The new far East : Seven nations of Asia

Sparad:
Bibliografiska uppgifter
Institutionell upphovsman: International Research Associates
Materialtyp: Bok
Språk:Undetermined
Publicerad: [Hong Kong] Reader’s Digest [Far East ltd.] 1966
Ämnen:
Taggar: Lägg till en tagg
Inga taggar, Lägg till första taggen!
Thư viện lưu trữ: Trung tâm Học liệu Trường Đại học Cần Thơ
LEADER 00652nam a2200217Ia 4500
001 CTU_104676
008 210402s9999 xx 000 0 und d
020 |c 15 
082 |a 339.42095 
082 |b I.61 
110 |a International Research Associates 
245 4 |a The new far East : 
245 0 |b Seven nations of Asia 
245 0 |c Surveyed by International Research Associates 
260 |a [Hong Kong] 
260 |b Reader’s Digest [Far East ltd.] 
260 |c 1966 
650 |a Cost and standard of living,National characteristics 
650 |z East Asia 
904 |i Năm 
980 |a Trung tâm Học liệu Trường Đại học Cần Thơ